000 00336nam a22001457a 4500
008 221208b ||||| |||| 00| 0 eng d
020 _a9781133591726
041 _aeng
080 _2THIRD EDITION
_a573
082 _a573RUS
100 _a16.1
101 _aBIOLO
245 _aBIOLOGY THE DYNAMIC SCIENCE
_cRUSSELL
942 _2udc
_cBK
999 _c59143
_d59143